000 00648cam a22002171i 4500
001 ne 63002592
003 DLC
005 20260227111753.0
008 801030s1961 ua b 000 0 egyrc
010 _ane 63002592
035 _a(OCoLC)6881911
040 _aPrinceton Univ. Libr.
_cMnM
_dDLC
042 _apremarc
050 0 0 _aPJ6696
_b.R3 1961
100 1 _aRāfiʻī, Muṣṭafá.
245 1 0 _aIʻjāz al-Qurʼān /
_cMuṣṭafā Ṣādiq al-Rāfiʻī.
260 _a[Cairo] :
_bal-Maktabah al-Tijārīyah al-Kubra,
_c1961.
300 _a384 p. ;
_c24 cm.
504 _aBibliographical footnotes.
630 0 0 _aQurʼan
_xLanguage, style.
999 _c46511
_d46511